000 00625nam a2200241 i 4500
001 C2-0227329
003 PPAK
005 20180728154807.0
008 000722s1997 enk |||| ||||| | eng d
020 _a0747255318
040 _aPPAK
_beng
_cPPAK
_erda
082 0 4 _a823
_223
090 0 0 _a823
_bBAR
_dG
100 1 _aBarr, Nevada,
_eauthor
245 1 0 _aEndangered species
264 1 _aLondon :
_bHeadline Book Publishing ,
_c1997
300 _a306 pages ;
_c18 cm
336 _2rdacontent
_atext
337 _2rdamedia
_aunmediated
338 _2rdacarrier
_avolume
650 1 0 _aEnglish fiction
942 _ddc
_cB
999 _c147440
_d147440